00370 2200145 4500001002100000008004100021035002000062245002700082100003000109260003100139300002000170082001100190650001000201990001300211INLIS000000000000598 ind  a0010-0322000598 aPOHON KESAYANGANcIKHA aYUNIAR DAN MIRA WIDHAYATI aYOGYAKARTAbKANISIUSc2017 a24 hlm.c29 cm. a398.24 aFABEL a102779-1